000
00304 a2200145 4500
001
164468
020
_a
040
_c
Magnum
100
_a
Nosella, Paolo
240
1
0
_a
Qual compromisso politico ?
_l
por
245
1
0
_a
Qual compromisso politico ?
362
0
_a
1899
697
_a
ENSINO
942
_c
BK
999
_c
164468
_d
164468